000 00746nam a2200289Ia 4500
005 20260324112812.0
008 008 260324s9999 xx 000 0 eng d
020 _a9781003309093
037 _aEBOOK
040 _aCRL
040 _beng
040 _cCRL
041 _2eng
041 _aeng
084 _qCRL
100 _aOle-Andreas Rognstad; Jukka Mähönen; Taina Pihlajarinne
_91144198
245 0 _aPromoting Sustainable Innovation and the Circular Economy
245 0 _bLegal and Economic Aspects
260 _bTaylor and Francis
260 _c2024
365 _a
365 _b205
856 _uhttp://www.taylorfrancis.com/books/9781003309093
942 _cEBOOK
999 _c1733553
_d1733553